Osiedla Białegostoku - Statystyki

Ogólne statystyki
  • Ten quiz został rozwiązany 17 razy
  • Średni wynik to 18 z 29
Statystyki odpowiedzi
Osiedle % Poprawnych
Centrum
93%
Bema
80%
Starosielce
80%
Bacieczki
73%
Białostoczek
73%
Dojlidy
73%
Nowe Miasto
73%
Zielone Wzgórza
73%
Antoniuk
67%
Bojary
67%
Dziesięciny I
67%
Dziesięciny II
67%
Jaroszówka
67%
Leśna Dolina
67%
Młodych
67%
Piaski
67%
Przydworcowe
67%
Słoneczny Stok
67%
Wygoda
67%
Wysoki Stoczek
67%
Dojlidy Górne
60%
Mickiewicza
53%
Piasta I
53%
Piasta II
53%
Skorupy
47%
Sienkiewicza
40%
Zawady
40%
Bagnówka
33%
Kawaleryjskie
33%
Nie znaleziono quizów pasujących do podanych kryteriów
Rozkład punktacji
Procent ludzi z każdym wynikiem
Percentyl według liczby udzielonych odpowiedzi
Twoja historia wyników
Nie rozwiązałeś tego quizu